[Event "Summer Team Tournament 2020"]
[Site "Skype"]
[Date "????.??.??"]
[Round "1"]
[White "Rathi, Himanshi"]
[Black "Dorneles, Luis Eduardo"]
[Result "1-0"]
[WhiteElo "1177"]
[BlackElo "1011"]
[PlyCount "127"]

1. d4 d5 2. Bf4 Nf6 3. e3 e6 4. c3 Bd6 5. Bg3 Nc6 6. Nd2 b6 7. Ngf3 O-O 8. Bd3
Re8 9. Ne5 Bb7 10. Ndf3 Bxe5 11. Nxe5 Nd7 12. Bb5 Ncxe5 13. Bxe5 c6 14. Bd3
Nxe5 15. dxe5 Qc8 16. Qh5 h6 17. h4 Ba6 18. Bc2 Kf8 19. Qf3 Ke7 20. g4 Rh8 21.
g5 hxg5 22. hxg5 Qg8 23. O-O-O Rf8 24. Rdg1 Bc8 25. Rh3 Rxh3 26. Qxh3 Qh8 27.
Rh1 Qxh3 28. Rxh3 f5 29. exf6+ gxf6 30. Rh7+ Ke8 31. g6 Rg8 32. Rxa7 f5 33. g7
Bd7 34. Ra8+ Kf7 35. Rxg8 Kxg8 36. Kd2 Kxg7 37. f4 Kf6 38. Kd3 e5 39. b4 c5 40.
a4 cxb4 41. cxb4 exf4 42. exf4 Ke7 43. Kd4 Kd6 44. Bb3 Kc6 45. Bxd5+ Kc7 46. b5
Kb8 47. Ke5 Ka7 48. Be6 Be8 49. Kxf5 Kb7 50. Kf6 Kc7 51. Ke7 Bg6 52. f5 Bh5 53.
f6 Kb7 54. f7 Bxf7 55. Bxf7 Kc7 56. Ba2 Kb7 57. Kd7 Kb8 58. Kc6 Ka7 59. Kc7 Ka8
60. Kxb6 Kb8 61. a5 Ka8 62. a6 Kb8 63. a7+ Ka8 64. Bd5# 1-0

[Event "Summer Team Tournament 2020"]
[Site "Skype"]
[Date "????.??.??"]
[Round "1"]
[White "Mulrooney, Justin"]
[Black "Yeter, Orhan"]
[Result "1-0"]
[WhiteElo "1635"]
[BlackElo "1632"]
[PlyCount "51"]

1. e4 e5 2. Nf3 Nc6 3. d4 exd4 4. Nxd4 Bc5 5. Nb3 Bb6 6. Nc3 Nf6 7. Bd3 O-O 8.
Qe2 d5 9. Bg5 dxe4 10. Nxe4 a5 11. O-O-O Qe8 12. Bxf6 Bf5 13. Bc3 Bxe4 14. Bxe4
a4 15. Qg4 Ne5 16. Qf5 Ng6 17. Nd4 a3 18. b3 c5 19. Nf3 Bc7 20. h4 h5 21. g4
hxg4 22. h5 gxf3 23. h6 gxh6 24. Rdg1 Qe6 25. Qxe6 fxe6 26. Rxg6+ 1-0

[Event "Summer Team Tournament 2020"]
[Site "Skype"]
[Date "????.??.??"]
[Round "1"]
[White "Aghaee, Samira"]
[Black "Gadow, Martin"]
[Result "1-0"]
[WhiteElo "1131"]
[BlackElo "1530"]
[PlyCount "83"]

1. e4 c5 2. Nf3 e6 3. c4 d6 4. Nc3 a6 5. Be2 Nc6 6. O-O Nf6 7. d3 Be7 8. h3 O-O
9. Nh2 Nd4 10. f4 Qc7 11. Nf3 b5 12. Nxd4 cxd4 13. Nb1 bxc4 14. dxc4 Nxe4 15.
Qxd4 Ng3 16. Rf2 Nxe2+ 17. Rxe2 d5 18. Qc3 dxc4 19. Be3 Bb7 20. Nd2 Rad8 21.
Nxc4 a5 22. Nxa5 Qxc3 23. bxc3 Ba6 24. c4 Bb4 25. Nc6 Bxc4 26. Rf2 Rd3 27. Nxb4
Rxe3 28. Rc1 Bb5 29. Rc5 Re1+ 30. Kh2 Re2 31. Rxe2 Bxe2 32. a4 Ra8 33. a5 Kf8
34. Nc2 Bd3 35. Ne3 Ra7 36. Ng4 Ke7 37. Ne5 Be4 38. Nc4 Ra6 39. Rc7+ Kf6 40. g4
Rc6 41. g5+ Kg6 42. Ne5+ 1-0

[Event "Summer Team Tournament 2020"]
[Site "Skype"]
[Date "????.??.??"]
[Round "1"]
[White "Pourtahmasbi, Ednun"]
[Black "Balci Gungor, Ayca"]
[Result "1-0"]
[WhiteElo "1305"]
[BlackElo "1070"]
[PlyCount "51"]

1. e4 e5 2. Nf3 Nc6 3. Bb5 Bc5 4. Nc3 Nf6 5. d3 O-O 6. Bg5 Nd4 7. Nxd4 Bxd4 8.
Nd5 c6 9. Bxf6 gxf6 10. Qg4+ Kh8 11. f4 cxd5 12. exd5 Rg8 13. Qf3 d6 14. h3
Qa5+ 15. c3 Bc5 16. Bc4 Bf5 17. fxe5 Bd7 18. Qxf6+ Rg7 19. exd6 Re8+ 20. Kd1
Qd8 21. Qf4 Rxg2 22. d4 Bb6 23. Qxf7 Rxb2 24. Bd3 Qh4 25. Kc1 Qf2 26. Qxh7# 1-0

[Event "Summer Team Tournament 2020"]
[Site "Skype"]
[Date "????.??.??"]
[Round "1"]
[White "Aghaee, Shirin"]
[Black "Dib, Catherine"]
[Result "1-0"]
[WhiteElo "1000"]
[BlackElo "1070"]
[PlyCount "57"]

1. d4 Nf6 2. Nf3 d6 3. e3 g6 4. b3 Bg7 5. Bb2 Nbd7 6. c4 c6 7. Bd3 O-O 8. Nbd2
Re8 9. Ba3 e5 10. Bxd6 e4 11. Bc2 exf3 12. Nxf3 b6 13. O-O Bb7 14. Bf4 Nh5 15.
Bg5 f6 16. Bh4 Rc8 17. e4 c5 18. Re1 g5 19. d5 gxh4 20. Nxh4 f5 21. Qxh5 Bxa1
22. Nxf5 Qf6 23. f4 Nf8 24. Rxa1 Qxa1+ 25. Bd1 Rxe4 26. Nh6+ Kg7 27. Nf5+ Kf6
28. Qg5+ Kf7 29. Nd6# 1-0

[Event "Summer Team Tournament 2020"]
[Site "Skype"]
[Date "????.??.??"]
[Round "1"]
[White "Loaisiga Perez, Carlos Alberto"]
[Black "Casey, Eamonn"]
[Result "1-0"]
[WhiteElo "1374"]
[BlackElo "1671"]
[PlyCount "65"]

1. e4 e6 2. d4 d5 3. e5 c5 4. c3 Nc6 5. Nf3 cxd4 6. cxd4 Bb4+ 7. Bd2 Bxd2+ 8.
Nbxd2 Qb6 9. Nb3 Nge7 10. Bd3 O-O 11. O-O h6 12. Nh4 a5 13. a4 Nb4 14. Bb1 Qc7
15. Nc1 Bd7 16. Ne2 Rac8 17. Ng3 Nc2 18. Ra2 Qc4 19. b3 Qxb3 20. Rxc2 Rc4 21.
Rxc4 dxc4 22. Bc2 Qb4 23. Qe2 b5 24. Qe4 g6 25. Nh5 Bc6 26. Qg4 Kh7 27. Nf6+
Kg7 28. Nxg6 fxg6 29. h4 Qd2 30. Bb1 b4 31. Qxe6 Rf7 32. Bxg6 Kxg6 33. Ne4+ 1-0

[Event "Summer Team Tournament 2020"]
[Site "Skype"]
[Date "????.??.??"]
[Round "1"]
[White "Mordaa, Ahmad"]
[Black "Guillen, Donald Jose"]
[Result "1-0"]
[WhiteElo "1571"]
[BlackElo "1192"]
[PlyCount "41"]

1. e4 e5 2. Nf3 d6 3. d4 Nc6 4. dxe5 Be6 5. exd6 Bxd6 6. Bd3 h6 7. O-O a6 8.
Nc3 Nge7 9. Re1 Bxh2+ 10. Nxh2 Qd7 11. Bf4 O-O-O 12. Qe2 g5 13. Be3 Ne5 14.
Bxa6 Qd6 15. Bxb7+ Kb8 16. Qb5 Qb6 17. Bxb6 Kxb7 18. Bc5+ Ka8 19. Qa6+ Kb8 20.
Nb5 Bc8 21. Qa7# 1-0

[Event "Summer Team Tournament 2020"]
[Site "Skype"]
[Date "????.??.??"]
[Round "1"]
[White "Mendoza Lainez, Ricardo Jose"]
[Black "Borg, Anthony"]
[Result "1-0"]
[WhiteElo "1226"]
[BlackElo "1236"]
[PlyCount "45"]

1. e4 e6 2. Nc3 d5 3. e5 d4 4. Ne4 Nd7 5. Nf3 c5 6. d3 b6 7. Bg5 Be7 8. Qd2 Bb7
9. Nd6+ Kf8 10. Qf4 f6 11. Bxf6 Ngxf6 12. Ng5 Bxd6 13. Nxe6+ Ke8 14. Nxd8 Bxe5
15. Qd2 Kxd8 16. O-O-O Bd5 17. f4 Bc7 18. Be2 Bxa2 19. b3 a5 20. Kb2 Bxb3 21.
cxb3 Nd5 22. Bf3 Ra7 23. Bxd5 1-0

[Event "Summer Team Tournament 2020"]
[Site "Skype"]
[Date "????.??.??"]
[Round "1"]
[White "Abdulrazzaq, Mohsen"]
[Black "Jarquin, Santiago Antonio"]
[Result "1-0"]
[WhiteElo "1000"]
[BlackElo "1000"]
[PlyCount "43"]

1. e4 e5 2. Nf3 Nc6 3. Bb5 Nf6 4. O-O Be7 5. Re1 O-O 6. d4 a6 7. Bxc6 bxc6 8.
Nxe5 d6 9. Nxc6 Qd7 10. d5 Bb7 11. Nxe7+ Qxe7 12. Nc3 Rac8 13. Qd3 Rfe8 14. Qg3
c6 15. Bh6 Qf8 16. Bg5 Nh5 17. Qg4 g6 18. Na4 cxd5 19. Nb6 Rc6 20. Nd7 Qg7 21.
exd5 Rc7 22. Rxe8+ 1-0

[Event "Summer Team Tournament 2020"]
[Site "Skype"]
[Date "????.??.??"]
[Round "1"]
[White "Khetre, Gaurav"]
[Black "Telles, Rigoberto"]
[Result "1-0"]
[WhiteElo "1642"]
[BlackElo "1307"]
[PlyCount "45"]

1. d4 d5 2. Nf3 Nf6 3. g3 c6 4. Bg2 e6 5. O-O Be7 6. Bf4 O-O 7. c4 dxc4 8. Ne5
b5 9. Nxc6 Nxc6 10. Bxc6 Bd7 11. Bxa8 Qxa8 12. Nd2 Bc6 13. Rc1 Bg2 14. Re1 Nd5
15. Qc2 Nxf4 16. gxf4 Bh3 17. Qe4 Bg2 18. Qxg2 Qxg2+ 19. Kxg2 Rd8 20. e3 e5 21.
fxe5 Bb4 22. Red1 Bxd2 23. Rxd2 1-0

[Event "Summer Team Tournament 2020"]
[Site "Skype"]
[Date "????.??.??"]
[Round "1"]
[White "Suazo, Olvin"]
[Black "Bendre, Pankaj"]
[Result "1-0"]
[WhiteElo "1000"]
[BlackElo "1438"]
[PlyCount "62"]

1. e4 e6 2. d4 d5 3. Nd2 Bd7 4. Bd3 c5 5. Ngf3 Nc6 6. c3 Qb6 7. Qe2 Nh6 8. exd5
Ne7 9. Ne4 cxd4 10. Bxh6 gxh6 11. Nf6+ Kd8 12. Ne5 Be8 13. Nxe8 Kxe8 14. Qh5
Ng6 15. Bxg6 hxg6 16. Qf3 f5 17. O-O Bg7 18. Nxg6 Rg8 19. dxe6 Kd8 20. Qd5+ Kc7
21. Ne7 Rgd8 22. Qc4+ Kb8 23. Nd5 Qd6 24. Nb4 Rc8 25. Qb3 dxc3 26. Rad1 Bd4 27.
bxc3 Rxc3 28. Qxc3 Bxf2+ 29. Kxf2 Qf4+ 30. Kg1 Qg5 31. Rxf5 Qxf5 1-0

[Event "Summer Team Tournament 2020"]
[Site "Skype"]
[Date "????.??.??"]
[Round "1"]
[White "Bankhede, Shivkumar"]
[Black "Mora, Carlos Alberto"]
[Result "1-0"]
[WhiteElo "1388"]
[BlackElo "1000"]
[PlyCount "69"]

1. d4 d5 2. c4 e6 3. Nc3 Nf6 4. Nf3 dxc4 5. e3 a6 6. Bxc4 b5 7. Bb3 Bb7 8. a3
c5 9. dxc5 Qc7 10. O-O Bxc5 11. Re1 O-O 12. Bc2 Rd8 13. Qe2 Nc6 14. b4 Nxb4 15.
axb4 Bxb4 16. Bd2 Bxc3 17. Bxc3 Qxc3 18. Rac1 Bxf3 19. Qxf3 Qe5 20. h3 Qh5 21.
Qg3 g6 22. Bd1 Qh6 23. Bf3 Rab8 24. Rc6 b4 25. Rxa6 Qf8 26. Rb1 Nd5 27. Rb3 Nc3
28. Kh2 Qd6 29. Qxd6 Rxd6 30. Rxd6 Kg7 31. Rd4 Nd5 32. Bxd5 exd5 33. Rxd5 h5
34. Rd4 f5 35. Rbxb4 1-0

[Event "Summer Team Tournament 2020"]
[Site "Skype"]
[Date "????.??.??"]
[Round "1"]
[White "Urda, Carlos Mario"]
[Black "Thavorath, Nirandas"]
[Result "0-1"]
[WhiteElo "1000"]
[BlackElo "1000"]
[PlyCount "28"]

1. e4 e5 2. Nf3 Nf6 3. Nc3 Nc6 4. a3 Bc5 5. Bc4 d6 6. d3 Bg4 7. O-O Nd4 8. h3
Nxf3+ 9. gxf3 Bxh3 10. Re1 Nh5 11. f4 Qh4 12. d4 Bxd4 13. Be3 Nxf4 14. Bxd4
Qg5+ 0-1

[Event "Summer Team Tournament 2020"]
[Site "Skype"]
[Date "????.??.??"]
[Round "2"]
[White "Montenegro, Juan Carlos"]
[Black "Benson, Paul"]
[Result "0-1"]
[WhiteElo "1810"]
[BlackElo "2080"]
[PlyCount "102"]

1. d4 f5 2. Nf3 Nf6 3. c4 g6 4. g3 Bg7 5. Nc3 O-O 6. Bg2 d6 7. O-O Nc6 8. e3 e5
9. d5 Ne7 10. b3 h6 11. Bb2 g5 12. Qc2 f4 13. Nd2 a6 14. Rfe1 Bd7 15. exf4 gxf4
16. Nde4 Nh7 17. gxf4 Rxf4 18. Ne2 Rf7 19. N2g3 Nf5 20. Rad1 Nh4 21. Re3 Nxg2
22. Kxg2 Qh4 23. Rg1 Raf8 24. Kh1 Bg4 25. f3 Bxf3+ 26. Rxf3 Rxf3 27. Qg2 R8f7
28. Bc1 Ng5 29. Bxg5 hxg5 30. b4 b6 31. a4 g4 32. Qc2 Qh7 33. Qb1 Bh6 34. Nh5
Qf5 35. Nhg3 Qg6 36. a5 bxa5 37. bxa5 Be3 38. Re1 Bf4 39. Qb8+ Kg7 40. Qc8 Bxg3
41. Nxg3 Rxg3 42. hxg3 Qh5+ 43. Kg1 Qh3 44. Rb1 Qxg3+ 45. Kh1 Qh4+ 46. Kg1 g3
47. Rb2 Qf4 48. Kg2 e4 49. Rb8 Qf3+ 50. Kh3 g2+ 51. Kh4 Rf4+ 0-1

[Event "Summer Team Tournament 2020"]
[Site "Skype"]
[Date "????.??.??"]
[Round "2"]
[White "Gharbi, Said"]
[Black "Mitrani, Alberto"]
[Result "1-0"]
[WhiteElo "1578"]
[BlackElo "1428"]
[PlyCount "75"]

1. e4 d6 2. Nf3 g6 3. Bc4 Bg7 4. d4 Nf6 5. e5 Nfd7 6. e6 fxe6 7. Bxe6 Nf6 8.
Ng5 Rf8 9. Bxc8 Qxc8 10. Qe2 Qf5 11. Ne6 Rg8 12. Nxc7+ Kf7 13. Nxa8 Na6 14. Nb6
axb6 15. O-O Ne4 16. c3 Nc7 17. Re1 d5 18. Nd2 Re8 19. Nxe4 dxe4 20. Qxe4 Qxe4
21. Rxe4 e5 22. dxe5 Bxe5 23. Bf4 Bxf4 24. Rxf4+ Kg7 25. Kf1 Nd5 26. Rd4 Nf6
27. Rad1 Ra8 28. a3 Ra5 29. Rd6 Rb5 30. R1d2 h5 31. c4 Rc5 32. Rc2 b5 33. Rb6
bxc4 34. Rxb7+ Kh6 35. h4 Ng4 36. Re2 Rd5 37. Re8 Rd1+ 38. Ke2 1-0

[Event "Summer Team Tournament 2020"]
[Site "Skype"]
[Date "????.??.??"]
[Round "2"]
[White "Moumtaz, Abderrahim"]
[Black "De Coninck, Philippe"]
[Result "0-1"]
[WhiteElo "1292"]
[BlackElo "1335"]
[PlyCount "70"]

1. d4 e5 2. dxe5 Nc6 3. Nf3 Qe7 4. Nc3 Nxe5 5. Bf4 Nxf3+ 6. gxf3 c6 7. e4 Nf6
8. Bd3 g6 9. Bg5 Bg7 10. Qe2 d6 11. f4 Qc7 12. e5 dxe5 13. Qxe5+ Qxe5+ 14. fxe5
Ng4 15. f4 O-O 16. O-O-O Nf2 17. Rhf1 Nxd1 18. Nxd1 Be6 19. Kb1 f6 20. exf6
Bxf6 21. Bxf6 Rxf6 22. Ne3 Raf8 23. Rg1 Rxf4 24. b3 Rf2 25. Ng2 Bf5 26. Bxf5
R8xf5 27. Ne3 R5f3 28. Ng4 Rf1+ 29. Rxf1 Rxf1+ 30. Kb2 Rf4 31. h3 Kg7 32. Ne5
Rh4 33. Nf3 Rxh3 34. Ng5 Re3 35. b4 h6 0-1

[Event "Summer Team Tournament 2020"]
[Site "Skype"]
[Date "????.??.??"]
[Round "2"]
[White "Esmeralda Sanchez Ruiz, Piedad"]
[Black "Khetre, Gaurav"]
[Result "1/2-1/2"]
[WhiteElo "1721"]
[BlackElo "1642"]
[PlyCount "30"]

1. e4 e6 2. d4 d5 3. e5 c5 4. c3 Bd7 5. Nf3 Nc6 6. Be2 Rc8 7. O-O Qb6 8. Re1
Nh6 9. Na3 Nf5 10. Nc2 Be7 11. h3 O-O 12. g4 Nh4 13. Nxh4 Bxh4 14. Rf1 f5 15.
exf6 Bxf2+ 1/2-1/2

[Event "Summer Team Tournament 2020"]
[Site "Skype"]
[Date "????.??.??"]
[Round "2"]
[White "Bendre, Pankaj"]
[Black "Sanchez Ruiz, Justo"]
[Result "0-1"]
[WhiteElo "1438"]
[BlackElo "1547"]
[PlyCount "59"]

1. e4 d5 2. e5 c5 3. c3 e6 4. d4 Nc6 5. Bb5 Bd7 6. Nf3 a6 7. Bxc6 Bxc6 8. Na3
Ne7 9. Bg5 Qb6 10. Qd2 h6 11. Be3 Ng6 12. O-O cxd4 13. cxd4 Bb4 14. Qc1 Be7 15.
Nc2 Rc8 16. a4 Bd7 17. Qb1 O-O 18. b4 Nh4 19. Nd2 Nf5 20. Nf3 Rc4 21. a5 Qc7
22. Rc1 Rc8 23. Ra2 Nxe3 24. fxe3 f6 25. Nd2 Rc3 26. Nb3 fxe5 27. dxe5 Qxe5 28.
Nbd4 Bg5 29. Nf3 Bxe3+ 30. Kh1 0-1

[Event "Summer Team Tournament 2020"]
[Site "Skype"]
[Date "????.??.??"]
[Round "2"]
[White "Alarcon Alarcon, Florentina"]
[Black "Bankhede, Shivkumar"]
[Result "1-0"]
[WhiteElo "1363"]
[BlackElo "1388"]
[PlyCount "125"]

1. e4 e5 2. Nf3 Nc6 3. Bb5 d6 4. c3 Bd7 5. O-O Nf6 6. d3 Be7 7. Re1 O-O 8. Nbd2
a6 9. Ba4 Rb8 10. Nf1 b5 11. Bb3 Na5 12. Bc2 c6 13. Ng3 Ng4 14. h3 Nf6 15. d4
exd4 16. Nxd4 Nb7 17. Ndf5 Nc5 18. Nxd6 Bg4 19. hxg4 Bxd6 20. Nf5 Bc7 21. Qf3
Ne6 22. g5 Ne8 23. Qh5 g6 24. Nh6+ Kh8 25. Qg4 N8g7 26. Bb3 Qe7 27. Be3 Rbd8
28. Bxe6 Qxe6 29. Qxe6 fxe6 30. Ng4 Bf4 31. Bd4 Bxg5 32. Ne5 Bf6 33. Rad1 Bxe5
34. Bxe5 Rxd1 35. Rxd1 Kg8 36. Rd7 Ne8 37. Re7 Nf6 38. f3 Rf7 39. Rxe6 Nd7 40.
Bg3 c5 41. Rxa6 b4 42. cxb4 cxb4 43. Ra7 Nc5 44. Ra8+ Rf8 45. Ra5 Nd3 46. b3
Nf4 47. Kf2 Nd3+ 48. Ke3 Rd8 49. Rd5 Rxd5 50. exd5 Nc1 51. d6 Kf7 52. Kd4 Ke6
53. Kc5 Kd7 54. Be1 Nxa2 55. g4 Nc3 56. Kxb4 Ne2 57. Kc5 Nf4 58. Bd2 Ne6+ 59.
Kd5 g5 60. b4 Nf4+ 61. Bxf4 gxf4 62. b5 h6 63. b6 1-0

[Event "Summer Team Tournament 2020"]
[Site "Skype"]
[Date "????.??.??"]
[Round "2"]
[White "Thavorath, Nirandas"]
[Black "Alarcon Alarcon, Marina"]
[Result "1-0"]
[WhiteElo "1000"]
[BlackElo "1198"]
[PlyCount "57"]

1. e4 e5 2. Nf3 Nf6 3. Nxe5 d6 4. Nf3 Nxe4 5. Nc3 Qe7 6. Be2 Nxc3 7. dxc3 Qd8
8. Bg5 Be7 9. h4 Nc6 10. Bb5 Bd7 11. Qe2 Be6 12. Nd4 Bxg5 13. hxg5 Qd7 14.
O-O-O Nxd4 15. Bxd7+ Kxd7 16. Rxd4 Rae8 17. Qb5+ Kc8 18. Re1 Bd7 19. Rxe8+ Rxe8
20. Qa5 a6 21. Rc4 Bc6 22. Rxc6 bxc6 23. Qxa6+ Kd7 24. a4 Re5 25. a5 Rxg5 26.
b4 Rb5 27. Qa8 Re5 28. a6 Re8 29. Qb7 1-0

[Event "Summer Team Tournament 2020"]
[Site "Skype"]
[Date "????.??.??"]
[Round "2"]
[White "Rajpurohit, Dinesh"]
[Black "Altinok, Selim"]
[Result "0-1"]
[WhiteElo "1613"]
[BlackElo "1884"]
[PlyCount "132"]

1. d4 Nf6 2. c4 g6 3. Nc3 Bg7 4. e4 d6 5. Nf3 O-O 6. Be2 e5 7. dxe5 dxe5 8. O-O
Nbd7 9. Qc2 c6 10. Rd1 Qc7 11. Be3 Ng4 12. Bc1 f5 13. Ng5 Qb6 14. Bxg4 fxg4 15.
Be3 Qb4 16. Na4 Nb6 17. Nxb6 axb6 18. a3 Qe7 19. f3 h6 20. fxg4 hxg5 21. h3 Be6
22. Bxb6 c5 23. b4 cxb4 24. axb4 Qxb4 25. Rxa8 Rxa8 26. c5 Ra2 27. Qd3 Qd4+ 28.
Qxd4 exd4 29. Bd8 Rc2 30. Rb1 d3 31. Bxg5 d2 32. Rd1 Rc1 33. Rxc1 dxc1=Q+ 34.
Bxc1 Bd4+ 35. Kf1 Bxc5 36. Ke2 Bc4+ 37. Kf3 b5 38. h4 Bd4 39. Bd2 Be5 40. h5
gxh5 41. gxh5 Kf7 42. Be1 Bf6 43. Bd2 Be7 44. g4 b4 45. Bxb4 Bxb4 46. g5 Bd6
47. e5 Bxe5 48. Ke4 Bb2 49. g6+ Kf6 50. g7 Kxg7 51. h6+ Kxh6 52. Ke3 Kg5 53.
Ke4 Kg4 54. Ke3 Kf5 55. Kd2 Ke4 56. Kc2 Bd4 57. Kd2 Kf3 58. Kc2 Ke2 59. Kc1 Bb3
60. Kb1 Kd3 61. Kc1 Kc3 62. Kb1 Be3 63. Ka1 Bc4 64. Kb1 Kb3 65. Ka1 Ka3 66. Kb1
Bd3+ 0-1

[Event "Summer Team Tournament 2020"]
[Site "Skype"]
[Date "????.??.??"]
[Round "2"]
[White "Yardimci, Ertan"]
[Black "Trivedi, Viral"]
[Result "1/2-1/2"]
[WhiteElo "1591"]
[BlackElo "1535"]
[PlyCount "74"]

1. d4 d5 2. Nf3 e6 3. c4 c6 4. Nc3 Nf6 5. e3 Bd6 6. Bd3 dxc4 7. Bxc4 b5 8. Bd3
Bb7 9. O-O b4 10. Ne4 Nxe4 11. Bxe4 a5 12. Qa4 Qc7 13. Qc2 f5 14. Bd3 Ba6 15.
e4 Bxd3 16. Qxd3 O-O 17. e5 Be7 18. Bg5 Na6 19. Qc4 Qd7 20. Bxe7 Qxe7 21. Qxc6
Rfc8 22. Qa4 Nc7 23. Rac1 Rcb8 24. Qc2 Nd5 25. Qc5 Qd8 26. Qc6 Nf4 27. Qc2 Rc8
28. Qd2 Nd5 29. Rxc8 Rxc8 30. Rc1 Nb6 31. Rc2 Qd5 32. b3 Qe4 33. Rxc8+ Nxc8 34.
Qc1 Ne7 35. Ng5 Qxd4 36. Nxe6 Qxe5 37. Ng5 Qc3 1/2-1/2

[Event "Summer Team Tournament 2020"]
[Site "Skype"]
[Date "????.??.??"]
[Round "2"]
[White "Solanki, Pragnesh"]
[Black "Gokcek, Cagri"]
[Result "1-0"]
[WhiteElo "1239"]
[BlackElo "1202"]
[PlyCount "63"]

1. e4 e5 2. Nf3 Nc6 3. Bc4 Bc5 4. O-O Nf6 5. d3 h6 6. c3 d6 7. h3 O-O 8. Re1 a6
9. Bb3 Re8 10. Nbd2 d5 11. exd5 Nxd5 12. Ne4 Bb6 13. Bxh6 gxh6 14. Bxd5 Kg7 15.
Bb3 Bf5 16. Qe2 Qd7 17. Kh2 Na5 18. Bc2 c5 19. Rad1 Re6 20. Nh4 Bg6 21. Qg4 Qc6
22. Re3 Rg8 23. Nf5+ Kh7 24. Rg3 Bd8 25. h4 Bxf5 26. Qxf5+ Reg6 27. h5 Bg5 28.
Nxg5+ hxg5 29. Rh3 Kg7 30. hxg6 Qxg6 31. Qxe5+ Qf6 32. Rh7+ 1-0

[Event "Summer Team Tournament 2020"]
[Site "Skype"]
[Date "????.??.??"]
[Round "2"]
[White "Cengiz, Ali Ekber"]
[Black "Rathi, Himanshi"]
[Result "0-1"]
[WhiteElo "1129"]
[BlackElo "1177"]
[PlyCount "64"]

1. e4 e5 2. Nf3 Nc6 3. Bc4 Bc5 4. d3 Nf6 5. h3 d6 6. Ng5 O-O 7. c3 h6 8. Nf3 a6
9. a3 Bd7 10. Nbd2 Re8 11. Ba2 Rb8 12. Nf1 Bb6 13. N1h2 Be6 14. b3 d5 15. exd5
Bxd5 16. O-O e4 17. dxe4 Bxe4 18. Be3 Qxd1 19. Raxd1 Bxf3 20. Nxf3 Bxe3 21.
fxe3 Rxe3 22. c4 Rbe8 23. Rde1 Re2 24. b4 Rxa2 25. Rxe8+ Nxe8 26. Re1 Nf6 27.
a4 Kf8 28. b5 axb5 29. cxb5 Nb4 30. Re5 Rxa4 31. Nd4 Nd3 32. Re3 Rxd4 0-1

[Event "Summer Team Tournament 2020"]
[Site "Skype"]
[Date "????.??.??"]
[Round "2"]
[White "Sepulveda, Lyda Marcela"]
[Black "Rico, Edgar"]
[Result "0-1"]
[WhiteElo "1672"]
[BlackElo "1882"]
[PlyCount "69"]

1. e4 c6 2. d4 d5 3. Bd3 dxe4 4. Bxe4 Nf6 5. Bf3 Bf5 6. Ne2 e6 7. Bf4 Bd6 8.
Bg3 Na6 9. O-O Nb4 10. Na3 O-O 11. c3 Nbd5 12. Bxd6 Qxd6 13. Nc4 Qc7 14. Ne5 h6
15. Ng3 Bh7 16. Qd2 Rad8 17. Be2 Ne7 18. Bd3 Bxd3 19. Nxd3 Rd5 20. Qe2 Ng6 21.
Rae1 Rfd8 22. f4 Ne7 23. Qf3 Nf5 24. Ne4 Nxe4 25. Rxe4 Nd6 26. Re5 Nc4 27. Rxd5
Rxd5 28. Rf2 a5 29. Nc5 Qb6 30. Qe2 Nd6 31. Nd7 Qd8 32. Ne5 c5 33. dxc5 Rxc5
34. g3 Rd5 35. c4 0-1

[Event "Summer Team Tournament 2020"]
[Site "Skype"]
[Date "????.??.??"]
[Round "2"]
[White "Castillo, Jesus"]
[Black "Chavero, Victor"]
[Result "1/2-1/2"]
[WhiteElo "1568"]
[BlackElo "1448"]
[PlyCount "160"]

1. e4 d5 2. exd5 Qxd5 3. Nc3 Qe6+ 4. Be2 Qg6 5. Bf3 Nf6 6. Nge2 Na6 7. d4 e6 8.
O-O Bd6 9. Nf4 Qh6 10. g3 Bxf4 11. Bxf4 Qh3 12. Qd3 O-O 13. Bg2 Qh5 14. Nb5 Bd7
15. Nc3 Rfd8 16. Bxb7 Nb4 17. Qf3 Qxf3 18. Bxf3 Bc6 19. Bxc6 Nxc6 20. d5 Nxd5
21. Nxd5 Rxd5 22. Bxc7 Rb5 23. b3 Nd4 24. c4 Rb7 25. Ba5 e5 26. Rad1 Re7 27.
Kg2 Nc6 28. Bc3 h6 29. Rfe1 a5 30. Rd6 Re6 31. Rxe6 fxe6 32. Bxe5 g5 33. Bc3
Kf7 34. Re2 h5 35. h3 Ke7 36. f3 Rb8 37. h4 gxh4 38. gxh4 Rg8+ 39. Kh3 Rg1 40.
Rg2 Rd1 41. Rg7+ Kf8 42. Rc7 Rd3 43. Rxc6 Rxf3+ 44. Kg2 Rxc3 45. Rxe6 Kg7 46.
Ra6 Rc2+ 47. Kg3 Rxa2 48. Kf4 Ra3 49. Kg5 Rxb3 50. Rxa5 Rc3 51. Rc5 Rc1 52.
Kxh5 Kf6 53. Kh6 Re1 54. h5 Re6 55. Rg5 Re8 56. Rg6+ Kf5 57. Rc6 Rb8 58. c5
Rh8+ 59. Kg7 Rxh5 60. Rd6 Rh2 61. Kf7 Rh7+ 62. Ke8 Rh8+ 63. Kd7 Ke5 64. Kc7 Ra8
65. Rd7 Ra2 66. c6 Ke6 67. Kb8 Rc2 68. Kb7 Rf2 69. Rd8 Rb2+ 70. Ka6 Ra2+ 71.
Kb5 Rc2 72. Rd4 Ke5 73. Rc4 Rxc4 74. Kxc4 Kd6 75. Kb5 Kc7 76. Kc5 Kc8 77. Kd6
Kd8 78. Ke6 Kc7 79. Kd5 Kc8 80. Kc5 Kc7 1/2-1/2

[Event "Summer Team Tournament 2020"]
[Site "Skype"]
[Date "????.??.??"]
[Round "2"]
[White "Felippe e Silva, Glenda"]
[Black "Sanchez, Armando"]
[Result "1-0"]
[WhiteElo "1308"]
[BlackElo "1321"]
[PlyCount "67"]

1. d4 Nf6 2. Nf3 d5 3. Bf4 Bf5 4. h3 Nc6 5. c3 e6 6. e3 Bd6 7. Bh2 Ne7 8. Be2
Be4 9. Nbd2 Qd7 10. Nxe4 Nxe4 11. O-O Ng6 12. Bd3 Nf6 13. a3 Qc6 14. Rc1 Nd7
15. c4 Bxh2+ 16. Kxh2 Qd6+ 17. Kg1 dxc4 18. Rxc4 b5 19. Rc1 a6 20. Qc2 Rc8 21.
Be4 Qb6 22. Rfd1 O-O 23. d5 e5 24. Bf5 Rfd8 25. Qc6 Qxc6 26. dxc6 Nb6 27. Bxc8
Rxc8 28. Rc5 Re8 29. e4 Nc4 30. Rd7 Rc8 31. Ng5 Nd6 32. Nf3 h6 33. Nxe5 f6 34.
Nxg6 1-0

[Event "Summer Team Tournament 2020"]
[Site "Skype"]
[Date "????.??.??"]
[Round "2"]
[White "Gomez, Jorge"]
[Black "Meza, Rafael"]
[Result "0-1"]
[WhiteElo "1000"]
[BlackElo "1000"]
[PlyCount "78"]

1. e4 c5 2. Bc4 e6 3. Nf3 Nc6 4. Nc3 Be7 5. O-O Nf6 6. Re1 d5 7. exd5 exd5 8.
Bb3 O-O 9. d4 c4 10. Ba4 Bg4 11. Bf4 Bxf3 12. Qxf3 Nxd4 13. Qd1 Ne6 14. Re5
Nxf4 15. b3 Ba3 16. Rb1 Bb4 17. bxc4 Bxc3 18. Rxb7 Bxe5 19. g3 Nh3+ 20. Kg2 Qc8
21. Re7 Bd6 22. Re2 Qxc4 23. Bb3 Qc8 24. Bxd5 Nxd5 25. Qxd5 Bc5 26. Qf3 Ng5 27.
Qh5 Qc6+ 28. f3 Ne6 29. Re5 Bd4 30. Re4 Qxc2+ 31. Kh3 g6 32. Qh6 Bg1 33. Kg4
Bxh2 34. Qe3 f5+ 35. Kh3 fxe4 36. fxe4 Rf2 37. Qa3 Bg1 38. Qe7 Rh2+ 39. Kg4
Qxe4# 0-1

[Event "Summer Team Tournament 2020"]
[Site "Skype"]
[Date "????.??.??"]
[Round "2"]
[White "Lopez, Jose Luis"]
[Black "Segura Lozano, Marcos Antonio"]
[Result "0-1"]
[WhiteElo "1951"]
[BlackElo "1808"]
[PlyCount "110"]

1. e4 g6 2. d4 c6 3. Nc3 d5 4. e5 Bf5 5. g4 Be6 6. Be3 Nd7 7. Bd3 Nxe5 8. dxe5
d4 9. Bd2 dxc3 10. Bxc3 Qd5 11. f3 Bh6 12. Be4 Qb5 13. Qe2 Qb6 14. Nh3 Be3 15.
Rd1 h5 16. Nf2 Bxf2+ 17. Qxf2 Qxf2+ 18. Kxf2 hxg4 19. fxg4 Bxg4 20. e6 Bxd1 21.
Bxh8 Bg4 22. exf7+ Kxf7 23. Rg1 Nh6 24. Bd4 Bf5 25. Bxf5 Nxf5 26. Bc3 Rd8 27.
Rg4 Rd1 28. Rg1 Rxg1 29. Kxg1 Ne3 30. Bd4 Nxc2 31. Bxa7 Nb4 32. a3 Nd3 33. b4
Ne1 34. a4 e5 35. Kf1 Nf3 36. Kg2 e4 37. Kf2 Ke6 38. Ke3 Kd5 39. Bb8 Nd4 40.
Kf4 Nf5 41. Ba7 e3 42. Kg5 Nd4 43. Bb8 Nf3+ 44. Kg4 e2 45. Bg3 Ke4 46. h4 Ne5+
47. Kg5 Ke3 48. Kf6 Nd3 49. Kxg6 Kf3 50. h5 Kxg3 51. h6 e1=Q 52. h7 Nf4+ 53.
Kg7 Qe5+ 54. Kg8 Qe8+ 55. Kg7 Nh5+ 0-1

[Event "Summer Team Tournament 2020"]
[Site "Skype"]
[Date "????.??.??"]
[Round "2"]
[White "Salazar Ticeran, Antonio"]
[Black "Cayo, Ana Carolina"]
[Result "1/2-1/2"]
[WhiteElo "1589"]
[BlackElo "1410"]
[PlyCount "50"]

1. e4 c6 2. d4 d5 3. e5 Bf5 4. Bd3 Bxd3 5. Qxd3 e6 6. Nf3 Qa5+ 7. Bd2 Qa6 8.
Qxa6 Nxa6 9. O-O Ne7 10. Rc1 c5 11. c3 Nc6 12. dxc5 Nxc5 13. b4 Nd7 14. Bf4 a6
15. Nbd2 Be7 16. Nb3 O-O 17. Nbd4 Nxd4 18. Nxd4 Rfc8 19. a3 Rc4 20. Bg3 Rac8
21. Ne2 g5 22. f4 gxf4 23. Bxf4 Re4 24. Re1 Nxe5 25. Bxe5 Rxe5 1/2-1/2